[Event "English Schools Championship Final 2024"]
[Site "Nottingham University Kings Meadow Campus, United Kingdom"]
[Date "2024.06.28"]
[Round "4.56"]
[White "De Silva, Sithun"]
[Black "Rivera, Roman"]
[Result "1-0"]
[TimeControl "G50' + 10\" per move."]
[WhiteFideId "343419925"]
[WhiteElo "1776"]
[BlackElo "1699"]

1. e4 {[%clk 00:50:19]} e5 {[%clk 00:50:07]} {[%emt 00:00:14]} 2. Nf3 {[%clk
00:50:28]} Nc6 {[%clk 00:50:06]} {[%emt 00:00:11]} 3. d4 {[%clk 00:50:35]}
{[%emt 00:00:03]} exd4 {[%clk 00:49:13]} {[%emt 00:01:03]} 4. Nxd4 {[%clk
00:50:43]} {[%emt 00:00:01]} Nf6 {[%clk 00:47:55]} {[%emt 00:01:29]} 5. Nxc6
{[%clk 00:50:47]} {[%emt 00:00:06]} bxc6 {[%clk 00:47:39]} {[%emt 00:00:26]} 6.
e5 {[%clk 00:50:56]} {[%emt 00:00:02]} Nd5 {[%clk 00:47:20]} {[%emt 00:00:28]}
7. c4 {[%clk 00:51:04]} {[%emt 00:00:01]} Ne7 {[%clk 00:46:19]} {[%emt
00:01:11]} 8. Bd3 {[%clk 00:51:08]} {[%emt 00:00:07]} g6 {[%clk 00:44:22]}
{[%emt 00:02:07]} 9. Bg5 {[%clk 00:48:05]} {[%emt 00:03:13]} d6 {[%clk
00:42:22]} {[%emt 00:02:10]} 10. Bf6 {[%clk 00:46:19]} {[%emt 00:01:55]} Rg8
{[%clk 00:41:28]} {[%emt 00:01:05]} 11. O-O {[%clk 00:37:27]} {[%emt 00:09:02]}
Bg7 {[%clk 00:40:00]} {[%emt 00:01:39]} 12. Qe2 {[%clk 00:34:19]} {[%emt
00:03:17]} Be6 {[%clk 00:38:19]} {[%emt 00:01:51]} 13. Bxg7 {[%clk 00:28:51]}
{[%emt 00:05:38]} Rxg7 {[%clk 00:38:27]} {[%emt 00:00:03]} 14. Nc3 {[%clk
00:28:39]} {[%emt 00:00:21]} Kf8 {[%clk 00:35:10]} {[%emt 00:03:27]} 15. Rad1
{[%clk 00:26:44]} {[%emt 00:02:04]} d5 {[%clk 00:32:48]} {[%emt 00:02:33]} 16.
Na4 {[%clk 00:25:42]} {[%emt 00:01:11]} Nf5 {[%clk 00:29:52]} {[%emt 00:03:07]}
17. Nc5 {[%clk 00:19:14]} {[%emt 00:06:38]} Qg5 {[%clk 00:27:45]} {[%emt
00:02:17]} 18. Nxe6+ {[%clk 00:18:04]} {[%emt 00:01:20]} fxe6 {[%clk 00:27:36]}
{[%emt 00:00:18]} 19. cxd5 {[%clk 00:16:26]} {[%emt 00:01:48]} cxd5 {[%clk
00:25:09]} {[%emt 00:02:38]} 20. Bxf5 {[%clk 00:14:57]} {[%emt 00:01:39]} gxf5
{[%clk 00:24:47]} {[%emt 00:00:31]} 21. f4 {[%clk 00:14:36]} {[%emt 00:00:32]}
Qg4 {[%clk 00:21:35]} {[%emt 00:03:22]} 22. Qxg4 {[%clk 00:14:44]} {[%emt
00:00:01]} Rxg4 {[%clk 00:21:22]} {[%emt 00:00:23]} 23. Rc1 {[%clk 00:14:10]}
{[%emt 00:00:45]} Rc8 {[%clk 00:20:59]} {[%emt 00:00:33]} 24. Rc6 {[%clk
00:13:58]} {[%emt 00:00:22]} Ke7 {[%clk 00:20:43]} {[%emt 00:00:26]} 25. g3
{[%clk 00:13:31]} {[%emt 00:00:36]} h5 {[%clk 00:19:40]} {[%emt 00:01:15]} 26.
Rfc1 {[%clk 00:13:18]} {[%emt 00:00:22]} Kd7 {[%clk 00:19:29]} {[%emt
00:00:20]} 27. Ra6 {[%clk 00:12:22]} {[%emt 00:01:06]} Ra8 {[%clk 00:16:31]}
{[%emt 00:03:09]} 28. Rc3 {[%clk 00:11:30]} {[%emt 00:01:01]} Rg6 {[%clk
00:14:58]} {[%emt 00:01:44]} 29. Rac6 {[%clk 00:09:36]} {[%emt 00:02:04]} Rc8
{[%clk 00:13:30]} {[%emt 00:01:38]} 30. b4 {[%clk 00:08:49]} {[%emt 00:00:56]}
d4 {[%clk 00:12:11]} {[%emt 00:01:31]} 31. R3c4 {[%clk 00:08:45]} {[%emt
00:00:14]} h4 {[%clk 00:10:36]} {[%emt 00:01:45]} 32. Kf2 {[%clk 00:08:36]}
{[%emt 00:00:17]} hxg3+ {[%clk 00:10:10]} {[%emt 00:00:37]} 33. hxg3 {[%clk
00:08:46]} d3 {[%clk 00:08:21]} {[%emt 00:01:59]} 34. R6c5 {[%clk 00:07:17]}
{[%emt 00:01:39]} Rgg8 {[%clk 00:03:26]} {[%emt 00:05:06]} 35. Rd4+ {[%clk
00:07:13]} {[%emt 00:00:14]} Ke7 {[%clk 00:03:27]} {[%emt 00:00:08]} 36. Rxd3
{[%emt 00:00:32]} Rgd8 {[%clk 00:02:53]} {[%emt 00:00:23]} 37. Rxd8 {[%clk
00:06:53]} {[%emt 00:00:30]} Kxd8 {[%clk 00:03:00]} {[%emt 00:00:02]} 38. Kf3
{[%clk 00:06:20]} {[%emt 00:00:43]} Kd7 {[%clk 00:02:20]} {[%emt 00:00:50]} 39.
Ra5 {[%clk 00:06:03]} {[%emt 00:00:27]} Rb8 {[%clk 00:01:55]} {[%emt 00:00:36]}
40. a3 {[%clk 00:06:07]} {[%emt 00:00:05]} Rb7 {[%clk 00:01:42]} {[%emt
00:00:22]} 41. g4 {[%clk 00:06:09]} {[%emt 00:00:09]} fxg4+ {[%clk 00:01:32]}
{[%emt 00:00:20]} 42. Kxg4 {[%clk 00:06:18]} {[%emt 00:00:02]} c6 {[%clk
00:01:00]} {[%emt 00:00:41]} 43. Kg5 {[%clk 00:05:37]} {[%emt 00:00:51]} Ke7
{[%clk 00:00:56]} {[%emt 00:00:14]} 44. Rc5 {[%clk 00:05:01]} {[%emt 00:00:45]}
Rc7 {[%clk 00:00:51]} {[%emt 00:00:16]} 45. b5 {[%clk 00:05:04]} {[%emt
00:00:07]} Kd7 {[%emt 00:00:27]} 46. bxc6+ {[%clk 00:04:55]} Ke7 {[%clk
00:00:37]} {[%emt 00:00:26]} 47. a4 {[%clk 00:04:47]} {[%emt 00:00:17]} a6
{[%clk 00:00:18]} {[%emt 00:00:30]} 48. a5 {[%clk 00:04:45]} {[%emt 00:00:12]}
Kf7 {[%clk 00:00:23]} {[%emt 00:00:05]} 49. Kh6 {[%clk 00:04:29]} {[%emt
00:00:25]} 1-0

[Event "English Schools Championship Final 2024"]
[Site "Nottingham University Kings Meadow Campus, United Kingdom"]
[Date "2024.06.28"]
[Round "4.57"]
[White "Ononye, Chigozim"]
[Black "Poon, Matthew"]
[Result "1-0"]
[TimeControl "G50' + 10\" per move."]
[WhiteElo "1627"]
[BlackElo "1645"]

1. e4 {[%clk 00:50:13]} {[%emt 00:00:03]} e5 {[%clk 00:50:12]} {[%emt
00:00:08]} 2. Nf3 {[%clk 00:49:48]} {[%emt 00:00:36]} Nc6 {[%clk 00:50:19]}
{[%emt 00:00:03]} 3. Bb5 {[%clk 00:49:50]} {[%emt 00:00:08]} a6 {[%clk
00:50:19]} {[%emt 00:00:11]} 4. Ba4 {[%clk 00:49:44]} {[%emt 00:00:16]} Nf6
{[%clk 00:50:24]} {[%emt 00:00:05]} 5. O-O {[%clk 00:49:27]} {[%emt 00:00:23]}
Be7 {[%clk 00:50:28]} {[%emt 00:00:10]} 6. Bxc6 {[%clk 00:49:18]} {[%emt
00:00:18]} dxc6 {[%clk 00:47:31]} {[%emt 00:03:07]} 7. Nc3 {[%clk 00:48:57]}
{[%emt 00:00:31]} Bd6 {[%clk 00:41:05]} {[%emt 00:06:37]} 8. h3 {[%clk
00:48:49]} {[%emt 00:00:17]} c5 {[%clk 00:38:23]} {[%emt 00:02:52]} 9. d3
{[%clk 00:48:34]} {[%emt 00:00:24]} h6 {[%clk 00:36:45]} {[%emt 00:01:49]} 10.
Ne2 {[%clk 00:48:09]} {[%emt 00:00:35]} O-O {[%clk 00:34:02]} {[%emt 00:02:53]}
11. Ng3 {[%clk 00:47:57]} {[%emt 00:00:21]} b5 {[%clk 00:31:32]} {[%emt
00:02:42]} 12. Re1 {[%clk 00:47:19]} {[%emt 00:00:47]} Re8 {[%clk 00:27:30]}
{[%emt 00:04:12]} 13. Be3 {[%clk 00:46:53]} {[%emt 00:00:36]} Bf8 {[%clk
00:26:08]} {[%emt 00:01:33]} 14. Qd2 {[%clk 00:46:13]} {[%emt 00:00:49]} Kh7
{[%clk 00:24:07]} {[%emt 00:02:12]} 15. a3 {[%clk 00:45:49]} {[%emt 00:00:34]}
Qd6 {[%clk 00:23:31]} {[%emt 00:00:45]} 16. Rad1 {[%clk 00:45:20]} {[%emt
00:00:39]} Be6 {[%clk 00:21:17]} {[%emt 00:02:25]} 17. Nh4 {[%clk 00:44:36]}
{[%emt 00:00:52]} g6 {[%clk 00:21:02]} {[%emt 00:00:26]} 18. f4 {[%clk
00:43:36]} {[%emt 00:01:10]} exf4 {[%clk 00:17:53]} {[%emt 00:03:19]} 19. Bxf4
{[%clk 00:43:21]} {[%emt 00:00:25]} Qd8 {[%clk 00:15:32]} {[%emt 00:02:32]} 20.
Nf3 {[%clk 00:42:52]} {[%emt 00:00:38]} Bg7 {[%clk 00:11:53]} {[%emt 00:03:50]}
21. Rf1 {[%clk 00:42:15]} {[%emt 00:00:46]} Qe7 {[%clk 00:05:35]} {[%emt
00:06:28]} 22. b3 {[%clk 00:41:39]} {[%emt 00:00:45]} Rad8 {[%clk 00:05:28]}
{[%emt 00:00:19]} 23. Qa5 {[%clk 00:41:15]} {[%emt 00:00:33]} c4 {[%clk
00:03:33]} {[%emt 00:02:06]} 24. bxc4 {[%clk 00:39:29]} {[%emt 00:01:55]} bxc4
{[%clk 00:03:15]} {[%emt 00:00:28]} 25. d4 {[%clk 00:39:09]} {[%emt 00:00:30]}
Ra8 {[%clk 00:01:21]} {[%emt 00:02:04]} 26. Bxc7 {[%clk 00:38:39]} {[%emt
00:00:40]} Rec8 {[%clk 00:00:36]} {[%emt 00:00:55]} 27. Be5 {[%clk 00:38:21]}
{[%emt 00:00:27]} Nd7 {[%clk 00:00:17]} {[%emt 00:00:30]} 28. Bxg7 {[%clk
00:38:14]} {[%emt 00:00:18]} Kxg7 {[%clk 00:00:26]} {[%emt 00:00:01]} 29. c3
{[%clk 00:37:56]} {[%emt 00:00:27]} Nb8 {[%clk 00:00:17]} {[%emt 00:00:20]} 30.
Qe5+ {[%clk 00:37:29]} {[%emt 00:00:35]} Kg8 {[%clk 00:00:11]} {[%emt
00:00:18]} 31. d5 {[%clk 00:37:12]} {[%emt 00:00:24]} Qc5+ {[%clk 00:00:21]} 32.
Kh1 {[%clk 00:36:40]} {[%emt 00:00:45]} Bd7 {[%clk 00:00:24]} {[%emt 00:00:06]}
33. Ra1 {[%clk 00:36:24]} {[%emt 00:00:26]} Re8 {[%clk 00:00:32]} {[%emt
00:00:02]} 34. Qf4 {[%clk 00:35:36]} {[%emt 00:00:58]} Kh7 {[%clk 00:00:40]}
{[%emt 00:00:03]} 35. Qxf7+ {[%clk 00:34:48]} {[%emt 00:00:58]} Kh8 {[%clk
00:00:49]} {[%emt 00:00:01]} 36. Qxg6 {[%clk 00:34:35]} {[%emt 00:00:22]} Qe3
{[%clk 00:00:55]} {[%emt 00:00:04]} 37. Rfc1 {[%clk 00:33:44]} {[%emt
00:01:01]} Rg8 {[%clk 00:01:02]} {[%emt 00:00:03]} 38. Qf6+ {[%clk 00:33:20]}
{[%emt 00:00:33]} Kh7 {[%clk 00:01:07]} {[%emt 00:00:06]} 39. Nf5 {[%clk
00:33:10]} {[%emt 00:00:20]} Bxf5 {[%clk 00:00:30]} {[%emt 00:00:48]} 40. Qxf5+
{[%clk 00:33:04]} {[%emt 00:00:16]} Kh8 {[%clk 00:00:31]} {[%emt 00:00:09]} 41.
Ne5 {[%clk 00:32:43]} {[%emt 00:00:31]} Rg7 {[%clk 00:00:11]} {[%emt 00:00:30]}
42. Qf3 {[%clk 00:29:59]} {[%emt 00:02:54]} Qg5 {[%clk 00:00:12]} {[%emt
00:00:09]} 43. Nf7+ {[%clk 00:30:01]} {[%emt 00:00:08]} Rxf7 {[%clk 00:00:18]}
{[%emt 00:00:04]} 44. Qxf7 {[%clk 00:29:55]} {[%emt 00:00:15]} a5 {[%clk
00:00:11]} {[%emt 00:00:18]} 45. Re1 {[%clk 00:29:37]} {[%emt 00:00:27]} Na6
{[%clk 00:00:20]} {[%emt 00:00:02]} 46. e5 {[%clk 00:29:29]} {[%emt 00:00:18]}
Rg8 {[%clk 00:00:25]} {[%emt 00:00:05]} 47. Qf6+ {[%clk 00:29:24]} {[%emt
00:00:14]} Qxf6 {[%clk 00:00:26]} {[%emt 00:00:09]} 48. exf6 {[%clk 00:29:04]}
{[%emt 00:00:30]} Rf8 {[%clk 00:00:36]} 49. Re6 {[%clk 00:28:44]} {[%emt
00:00:30]} Nc7 {[%clk 00:00:36]} {[%emt 00:00:09]} 50. Rc6 {[%clk 00:28:32]}
{[%emt 00:00:22]} Nxd5 {[%clk 00:00:43]} {[%emt 00:00:04]} 51. Rc5 {[%clk
00:28:15]} {[%emt 00:00:27]} Nxc3 {[%clk 00:00:46]} {[%emt 00:00:06]} 52. Rxa5
{[%clk 00:27:55]} {[%emt 00:00:30]} Ne4 {[%clk 00:00:48]} {[%emt 00:00:08]} 53.
Re5 {[%clk 00:27:48]} {[%emt 00:00:16]} Nxf6 {[%clk 00:00:42]} {[%emt
00:00:17]} 54. Rc5 {[%clk 00:27:35]} {[%emt 00:00:23]} Ne4 {[%clk 00:00:36]}
{[%emt 00:00:17]} 55. Rxc4 {[%clk 00:27:26]} {[%emt 00:00:20]} Nf2+ {[%clk
00:00:14]} {[%emt 00:00:30]} 56. Kg1 {[%clk 00:26:56]} {[%emt 00:00:40]} Nd3
{[%clk 00:00:21]} {[%emt 00:00:03]} 57. a4 {[%clk 00:26:38]} {[%emt 00:00:28]}
Ra8 {[%clk 00:00:18]} {[%emt 00:00:14]} 58. a5 {[%clk 00:26:37]} {[%emt
00:00:11]} Ne5 {[%clk 00:00:15]} {[%emt 00:00:12]} 59. Rc5 {[%clk 00:26:29]}
{[%emt 00:00:18]} Nd3 {[%clk 00:00:15]} {[%emt 00:00:11]} 60. Rc6 {[%clk
00:26:29]} {[%emt 00:00:10]} Kg7 {[%clk 00:00:14]} {[%emt 00:00:10]} 61. a6
{[%clk 00:26:29]} {[%emt 00:00:10]} Nb4 {[%clk 00:00:17]} {[%emt 00:00:08]} 62.
Rb6 {[%clk 00:26:22]} {[%emt 00:00:17]} Nd5 {[%clk 00:00:12]} {[%emt 00:00:15]}
63. Rb7+ {[%clk 00:26:26]} {[%emt 00:00:06]} Kg6 {[%clk 00:00:20]} {[%emt
00:00:02]} 64. a7 {[%clk 00:26:25]} {[%emt 00:00:11]} 1-0

[Event "English Schools Championship Final 2024"]
[Site "Nottingham University Kings Meadow Campus, United Kingdom"]
[Date "2024.06.28"]
[Round "4.58"]
[White "Wilkinson, Hugo"]
[Black "Rivera, Romeu"]
[Result "0-1"]
[TimeControl "G50' + 10\" per move."]
[WhiteElo "1553"]
[BlackElo "1629"]

1. e4 {[%clk 00:50:15]} {[%emt 00:00:05]} c6 {[%clk 00:49:18]} {[%emt
00:01:02]} 2. d4 {[%clk 00:50:19]} {[%emt 00:00:06]} d5 {[%clk 00:49:19]}
{[%emt 00:00:09]} 3. e5 {[%clk 00:50:23]} {[%emt 00:00:06]} Bf5 {[%clk
00:49:18]} {[%emt 00:00:11]} 4. Nf3 {[%clk 00:50:19]} {[%emt 00:00:13]} e6
{[%clk 00:49:18]} {[%emt 00:00:10]} 5. a3 {[%clk 00:50:14]} {[%emt 00:00:16]}
c5 {[%clk 00:49:03]} {[%emt 00:00:25]} 6. c3 {[%clk 00:50:05]} {[%emt
00:00:19]} Nc6 {[%clk 00:48:59]} {[%emt 00:00:14]} 7. Bg5 {[%clk 00:49:24]}
{[%emt 00:00:51]} Be7 {[%clk 00:47:56]} {[%emt 00:01:12]} 8. Bxe7 {[%clk
00:49:19]} {[%emt 00:00:14]} Qxe7 {[%clk 00:47:51]} {[%emt 00:00:16]} 9. Bb5
{[%clk 00:48:22]} {[%emt 00:01:07]} Rc8 {[%clk 00:46:42]} {[%emt 00:01:19]} 10.
Nbd2 {[%clk 00:47:17]} {[%emt 00:01:15]} a6 {[%clk 00:46:32]} {[%emt 00:00:20]}
11. Bxc6+ {[%clk 00:47:02]} {[%emt 00:00:25]} Rxc6 {[%clk 00:45:04]} {[%emt
00:01:38]} 12. dxc5 {[%clk 00:45:33]} {[%emt 00:01:38]} Rxc5 {[%clk 00:44:28]}
{[%emt 00:00:46]} 13. Qa4+ {[%clk 00:44:13]} {[%emt 00:01:31]} Qd7 {[%clk
00:43:05]} {[%emt 00:01:33]} 14. Qxd7+ {[%clk 00:43:53]} {[%emt 00:00:28]} Kxd7
{[%clk 00:43:03]} {[%emt 00:00:14]} 15. Nd4 {[%clk 00:42:37]} {[%emt 00:01:26]}
Bd3 {[%clk 00:41:38]} {[%emt 00:01:36]} 16. N2b3 {[%clk 00:41:23]} {[%emt
00:01:24]} Rc7 {[%clk 00:40:39]} {[%emt 00:01:08]} 17. O-O-O {[%clk 00:40:02]}
{[%emt 00:01:32]} Bc4 {[%clk 00:39:32]} {[%emt 00:01:17]} 18. Na5 {[%clk
00:38:21]} {[%emt 00:01:51]} Ne7 {[%clk 00:37:06]} {[%emt 00:02:36]} 19. Nxc4
{[%clk 00:35:24]} {[%emt 00:03:05]} Rxc4 {[%clk 00:37:02]} {[%emt 00:00:15]} 20.
f4 {[%clk 00:34:40]} {[%emt 00:00:55]} g6 {[%clk 00:35:06]} {[%emt 00:02:05]}
21. g4 {[%clk 00:33:58]} {[%emt 00:00:52]} Rhc8 {[%clk 00:32:18]} {[%emt
00:02:58]} 22. Rd3 {[%clk 00:29:58]} {[%emt 00:04:11]} R4c7 {[%clk 00:31:29]}
{[%emt 00:00:58]} 23. Rf1 {[%clk 00:28:28]} {[%emt 00:01:40]} Nc6 {[%clk
00:27:40]} {[%emt 00:04:00]} 24. f5 {[%clk 00:25:54]} {[%emt 00:02:44]} Nxd4
{[%clk 00:25:28]} {[%emt 00:02:21]} 25. Rxd4 {[%clk 00:25:51]} {[%emt
00:00:11]} Ke7 {[%clk 00:23:36]} {[%emt 00:02:04]} 26. f6+ {[%clk 00:23:37]}
{[%emt 00:02:24]} Ke8 {[%clk 00:22:20]} {[%emt 00:01:26]} 27. g5 {[%clk
00:21:11]} {[%emt 00:02:37]} Rc4 {[%clk 00:21:43]} {[%emt 00:00:46]} 28. Rff4
{[%clk 00:20:54]} {[%emt 00:00:27]} Rxd4 {[%clk 00:19:01]} {[%emt 00:02:52]} 29.
Rxd4 {[%clk 00:20:54]} {[%emt 00:00:10]} Rc4 {[%clk 00:18:38]} {[%emt
00:00:34]} 30. Kc2 {[%clk 00:20:10]} {[%emt 00:00:53]} Kd7 {[%clk 00:18:15]}
{[%emt 00:00:34]} 31. Kd3 {[%clk 00:19:50]} {[%emt 00:00:30]} b5 {[%clk
00:17:49]} {[%emt 00:00:35]} 32. b3 {[%clk 00:19:10]} {[%emt 00:00:51]} Rxd4+
{[%clk 00:17:12]} {[%emt 00:00:46]} 33. Kxd4 {[%clk 00:18:56]} {[%emt
00:00:22]} Kc6 {[%clk 00:17:03]} {[%emt 00:00:22]} 34. c4 {[%clk 00:17:44]}
{[%emt 00:01:22]} dxc4 {[%clk 00:13:11]} {[%emt 00:04:00]} 35. bxc4 {[%clk
00:17:41]} {[%emt 00:00:14]} a5 {[%clk 00:12:46]} {[%emt 00:00:35]} 36. c5
{[%clk 00:13:33]} {[%emt 00:04:18]} b4 {[%clk 00:11:55]} {[%emt 00:01:02]} 37.
axb4 {[%clk 00:13:34]} {[%emt 00:00:08]} axb4 {[%clk 00:11:44]} {[%emt
00:00:21]} 38. Kc4 {[%clk 00:12:59]} {[%emt 00:00:46]} b3 {[%clk 00:11:36]}
{[%emt 00:00:18]} 39. Kxb3 {[%clk 00:13:03]} {[%emt 00:00:05]} Kxc5 {[%clk
00:11:32]} {[%emt 00:00:15]} 40. Kc3 {[%clk 00:12:59]} {[%emt 00:00:14]} Kd5
{[%clk 00:11:29]} {[%emt 00:00:12]} 41. Kd3 {[%clk 00:12:58]} {[%emt 00:00:12]}
Kxe5 {[%clk 00:11:30]} {[%emt 00:00:08]} 42. Ke3 {[%clk 00:12:45]} {[%emt
00:00:24]} Kf5 {[%clk 00:11:23]} {[%emt 00:00:17]} 43. Kf3 {[%clk 00:12:26]}
{[%emt 00:00:26]} Kxg5 {[%clk 00:11:15]} {[%emt 00:00:20]} 0-1

[Event "English Schools Championship Final 2024"]
[Site "Nottingham University Kings Meadow Campus, United Kingdom"]
[Date "2024.06.28"]
[Round "4.59"]
[White "Ma, Haoren"]
[Black "Fikhter, Valentine"]
[Result "1/2-1/2"]
[TimeControl "G50' + 10\" per move."]
[WhiteElo "1698"]
[BlackElo "1436"]

1. e4 {[%clk 00:50:02]} {[%emt 00:00:17]} e6 {[%clk 00:50:13]} {[%emt
00:00:08]} 2. Nf3 {[%clk 00:50:02]} {[%emt 00:00:08]} d5 {[%clk 00:50:07]}
{[%emt 00:00:16]} 3. exd5 {[%clk 00:49:57]} {[%emt 00:00:14]} exd5 {[%clk
00:50:10]} {[%emt 00:00:08]} 4. Bb5+ {[%clk 00:49:51]} {[%emt 00:00:17]} c6
{[%clk 00:50:00]} {[%emt 00:00:20]} 5. Ba4 {[%clk 00:49:48]} {[%emt 00:00:13]}
Bc5 {[%clk 00:49:44]} {[%emt 00:00:27]} 6. d4 {[%clk 00:48:48]} {[%emt
00:01:09]} Bb6 {[%clk 00:48:43]} {[%emt 00:01:11]} 7. O-O {[%clk 00:48:25]}
{[%emt 00:00:33]} Nf6 {[%clk 00:48:08]} {[%emt 00:00:45]} 8. Bg5 {[%clk
00:48:19]} {[%emt 00:00:16]} h6 {[%clk 00:46:55]} {[%emt 00:01:22]} 9. Bh4
{[%clk 00:48:04]} {[%emt 00:00:25]} O-O {[%clk 00:46:21]} {[%emt 00:00:45]} 10.
c3 {[%clk 00:47:45]} {[%emt 00:00:29]} Bg4 {[%clk 00:45:32]} {[%emt 00:00:59]}
11. Nbd2 {[%clk 00:47:42]} {[%emt 00:00:13]} g5 {[%clk 00:44:20]} {[%emt
00:01:22]} 12. Bg3 {[%clk 00:47:18]} {[%emt 00:00:34]} Ne4 {[%clk 00:43:06]}
{[%emt 00:01:23]} 13. h3 {[%clk 00:46:37]} {[%emt 00:00:52]} Bh5 {[%clk
00:41:25]} {[%emt 00:01:51]} 14. Re1 {[%clk 00:45:44]} {[%emt 00:01:04]} Re8
{[%clk 00:40:09]} {[%emt 00:01:26]} 15. Be5 {[%clk 00:45:20]} {[%emt 00:00:34]}
f6 {[%clk 00:39:06]} {[%emt 00:01:12]} 16. Bh2 {[%clk 00:44:41]} {[%emt
00:00:49]} Nd7 {[%clk 00:35:53]} {[%emt 00:03:23]} 17. Bc2 {[%clk 00:44:25]}
{[%emt 00:00:26]} Bg6 {[%clk 00:33:37]} {[%emt 00:02:25]} 18. Bb3 {[%clk
00:42:02]} {[%emt 00:02:34]} Nf8 {[%clk 00:31:35]} {[%emt 00:02:11]} 19. Re2
{[%clk 00:40:56]} {[%emt 00:01:16]} Bc7 {[%clk 00:27:47]} {[%emt 00:03:59]} 20.
g3 {[%clk 00:38:35]} {[%emt 00:02:31]} h5 {[%clk 00:25:49]} {[%emt 00:02:08]}
21. h4 {[%clk 00:37:20]} {[%emt 00:01:25]} g4 {[%clk 00:23:36]} {[%emt
00:02:22]} 22. Ne1 {[%clk 00:36:11]} {[%emt 00:01:20]} Kg7 {[%clk 00:22:28]}
{[%emt 00:01:17]} 23. Nd3 {[%clk 00:35:28]} {[%emt 00:00:54]} Nxc3 {[%clk
00:21:30]} {[%emt 00:01:07]} 24. Rxe8 {[%clk 00:34:09]} {[%emt 00:01:29]} Qxe8
{[%clk 00:20:37]} {[%emt 00:01:04]} 25. bxc3 {[%clk 00:33:47]} {[%emt
00:00:32]} Bxd3 {[%clk 00:20:38]} {[%emt 00:00:09]} 26. Qe1 {[%clk 00:32:38]}
{[%emt 00:01:18]} a5 {[%clk 00:19:49]} {[%emt 00:01:01]} 27. Qe3 {[%clk
00:32:29]} {[%emt 00:00:19]} Qxe3 {[%clk 00:17:41]} {[%emt 00:02:17]} 28. fxe3
{[%clk 00:32:30]} {[%emt 00:00:06]} a4 {[%clk 00:17:19]} {[%emt 00:00:35]} 29.
Bd1 {[%clk 00:32:24]} {[%emt 00:00:15]} Re8 {[%clk 00:16:17]} {[%emt 00:01:13]}
30. Kf2 {[%clk 00:32:14]} {[%emt 00:00:20]} Ba5 {[%clk 00:15:13]} {[%emt
00:01:13]} 31. Rc1 {[%clk 00:31:28]} {[%emt 00:00:57]} b5 {[%clk 00:13:55]}
{[%emt 00:01:28]} 32. Bg1 {[%clk 00:30:29]} {[%emt 00:01:09]} Nd7 {[%clk
00:12:40]} {[%emt 00:01:24]} 33. Be2 {[%clk 00:30:03]} {[%emt 00:00:37]} Bxe2
{[%clk 00:11:47]} {[%emt 00:01:03]} 34. Kxe2 {[%clk 00:30:09]} {[%emt
00:00:03]} f5 {[%clk 00:10:42]} {[%emt 00:01:16]} 35. Kd3 {[%clk 00:29:53]}
{[%emt 00:00:26]} Kf6 {[%clk 00:09:48]} {[%emt 00:01:04]} 36. Bf2 {[%clk
00:29:37]} {[%emt 00:00:26]} Ke6 {[%clk 00:09:10]} {[%emt 00:00:47]} 37. Re1
{[%clk 00:29:07]} {[%emt 00:00:41]} Kd6 {[%clk 00:08:25]} {[%emt 00:00:54]} 38.
Rf1 {[%clk 00:29:07]} {[%emt 00:00:10]} c5 {[%clk 00:08:03]} {[%emt 00:00:32]}
39. Bg1 {[%clk 00:28:31]} {[%emt 00:00:46]} c4+ {[%clk 00:07:36]} {[%emt
00:00:38]} 40. Kc2 {[%clk 00:28:35]} {[%emt 00:00:07]} Rf8 {[%clk 00:07:13]}
{[%emt 00:00:33]} 41. Rb1 {[%clk 00:28:24]} {[%emt 00:00:20]} Kc6 {[%clk
00:06:49]} {[%emt 00:00:34]} 42. a3 {[%clk 00:28:22]} {[%emt 00:00:11]} Nf6
{[%clk 00:06:32]} {[%emt 00:00:27]} 43. Bf2 {[%clk 00:28:14]} {[%emt 00:00:19]}
Ne4 {[%clk 00:06:27]} {[%emt 00:00:16]} 44. Nxe4 {[%clk 00:28:03]} {[%emt
00:00:12]} fxe4 {[%clk 00:06:26]} {[%emt 00:00:18]} 45. Rf1 {[%clk 00:27:56]}
{[%emt 00:00:14]} Rf3 {[%clk 00:06:02]} {[%emt 00:00:38]} 46. Kb2 {[%clk
00:27:24]} {[%emt 00:00:42]} 1/2-1/2